| 000 | 00526nam a2200169 i 4500 | ||
|---|---|---|---|
| 001 | 185685 | ||
| 003 | ES-MaACL | ||
| 005 | 20230906222509.0 | ||
| 008 | 160803q18901899po |||| | por d | ||
| 080 | _a821.134.3-14"19" | ||
| 100 | 1 |
_aJunqueiro, Guerra ( _d1850-1923) _960518 |
|
| 245 | 1 | 0 |
_aOraçao ao pao / _cGuerra Junqueiro. |
| 250 | _a2ª ed. | ||
| 260 |
_aPorto : _bChardron, de Lello & Irmao, _c[189-?] |
||
| 300 |
_a19 p. ; _c23 cm. |
||
| 852 |
_aES-MaACL _jG-6087(7) _z.- Enc. en un vol. facticio de obras del autor |
||
| 999 |
_c185685 _d185685 |
||